Internationaler Technologieaustausch - Kooperation oder Konfrontation? Mythos und Realität US-amerikanischer Konzeptionen des Technologietransfers in den Ost-West-Wirtschaftsbeziehungen
Na minha lista:
| Autor principal: | |
|---|---|
| Outros Autores: | |
| Formato: | Livro |
| Idioma: | alemão |
| Publicado em: |
Berlin
Akademie
1984
|
| Colecção: | Zur Kritik der bürgerlichen Ideologie
104 |
| Tags: |
Sem tags, seja o primeiro a adicionar uma tag!
|
MARC
| LEADER | 00000nam a2200000 4500 | ||
|---|---|---|---|
| 001 | c106627 | ||
| 005 | 20041019155137.9 | ||
| 041 | 0 | |a ger | |
| 044 | |a DE | ||
| 245 | 1 | 0 | |a Internationaler Technologieaustausch - Kooperation oder Konfrontation? |b Mythos und Realität US-amerikanischer Konzeptionen des Technologietransfers in den Ost-West-Wirtschaftsbeziehungen |c Wolf D. Hartmann, Walter Stock |
| 264 | 1 | |a Berlin |b Akademie |c 1984 | |
| 300 | |a 153 s. | ||
| 490 | 1 | |a Zur Kritik der bürgerlichen Ideologie |v 104 | |
| 830 | 0 | |a Zur Kritik der bürgerlichen Ideologie |v 104 | |
| 100 | 1 | |a Hartmann, Wolf D. | |
| 700 | 1 | |a Stock, Walter | |